Normal view
MARC view
- Ieracitano Francesca
Entry Personal Name
001 - CONTROL NUMBER
- control field: 56187
003 - CONTROL NUMBER IDENTIFIER
- control field: IT-RoPau
005 - DATE AND TIME OF LATEST TRANSACTION
- control field: 20170208164340.0
008 - FIXED-LENGTH DATA ELEMENTS
- fixed length control field: 170208|| aca||aabn | a|a d
040 ## - CATALOGING SOURCE
- Original cataloging agency: IT-RoPau
- Transcribing agency: IT-RoPau
100 ## - HEADING--PERSONAL NAME
- Personal name: Ieracitano Francesca
670 ## - SOURCE DATA FOUND
- Source citation: Work cat.: (IT-RoPau): Ieracitano Francesca, La relazione uomo-donna nella stagione delle community virtuali, 2015